=LDR 00000nam 2200000 4500 =001 001056 =005 20250713084516 =035 ##$$a 0010-0725000937 =007 ta =008 250713################a##########0#ind## =020 ##$$a 978-623-307-460-5 =082 ##$$a 398. 209 598 =084 ##$$a 398. 209 598 JOS k =100 #$$a Jose, Jemma =245 1#$$a Kamu Tidak Bisa Menemukanku /$c Jemma Jose =250 ##$$a Cetakan Kedua =260 ##$$a Jakarta Timur :$b Badan Pengembangan dan Pembinaan Bahasa,$c 2024 =300 ##$$a 14 hlm. : $b Ilus. ; $c 21 cm =990 ##$$a TBM202400651